1963 March Madness Teams - Statistics

General Stats
  • This quiz has been taken 21 times
  • The average score is 8 of 25
Answer Stats
Place in Tourney Team % Correct
Eliminated New York U
95%
Eliminated UCLA
89%
Third Place Duke
63%
Eliminated Texas
58%
Eliminated Arizona State
42%
Eliminated Colorado
42%
Eliminated Illinois
42%
Runner Up Cincinnati
37%
Fourth Place Oregon State
32%
Eliminated Princeton
32%
Eliminated UConn
32%
Eliminated West Virginia
32%
Eliminated Mississippi State
26%
Eliminated Pittsburgh
26%
Eliminated Colorado State
21%
Winner Loyola-Chicago
21%
Eliminated Notre Dame
21%
Eliminated Texas Western
16%
Eliminated San Francisco
11%
Eliminated Seattle
11%
Eliminated Utah State
11%
Eliminated Bowling Green
5%
Eliminated St. Joseph's
5%
Eliminated Tennessee Tech
5%
Eliminated Oklahoma City
0%
No matching quizzes found
Score Distribution
Percent of People with Each Score
Percentile by Number Answered
Your Score History
You have not taken this quiz